Спящая красавица (Запись № 10539080)

Подробности
000 -МАРКЕР
контрольное поле 02297ncm0a2200457 4500
001 - ИДЕНТИФИКАТОР ЗАПИСИ
контрольное поле RU\NLR\ONIZ\197925
005 - ИДЕНТИФИКАТОР ВЕРСИИ
контрольное поле 20250624194640.0
035 ## - ДРУГИЕ СИСТЕМНЫЕ НОМЕРА
Идентификатор записи (NLR Aleph) 010888559
071 20 - ИЗДАТЕЛЬСКИЙ НОМЕР
Номер, присвоенный агентством с 3980 к
100 ## - ДАННЫЕ ОБЩЕЙ ОБРАБОТКИ
Данные общей обработки 20140402d2005 |||y0rusy50 ca
101 0# - ЯЗЫК РЕСУРСА
Язык текста, звукозаписи и т.д. русский
102 ## - СТРАНА ПУБЛИКАЦИИ ИЛИ ПРОИЗВОДСТВА
Страна публикации российская федерация
125 ## - ПОЛЕ КОДИРОВАННЫХ ДАННЫХ: ЗВУКОЗАПИСИ И НОТНЫЕ ИЗДАНИЯ
Форма изложения нотного текста ax
128 ## - ПОЛЕ КОДИРОВАННЫХ ДАННЫХ: МУЗЫКАЛЬНАЯ ФОРМА, ТОНАЛЬНОСТЬ И ЛАД
Музыкальная форма bt
145 0# - ПОЛЕ КОДИРОВАННЫХ ДАННЫХ: СРЕДСТВО ИСПОЛНЕНИЯ МУЗЫКАЛЬНОГО ПРОИЗВЕДЕНИЯ (УСТАРЕВШЕЕ)
Тип средства исполнения b
200 1# - ЗАГЛАВИЕ И СВЕДЕНИЯ ОБ ОТВЕТСТВЕННОСТИ
Основное заглавие Спящая красавица
Общее обозначение материала Ноты
Параллельное заглавие Sleeping Beauty
Сведения, относящиеся к заглавию балет в 3 д. с прологом
-- соч. 66
Язык параллельного заглавия английский
Первые сведения об ответственности П. И. Чайковский
Последующие сведения об ответственности либр. И. А. Всеволожского по сказке Ш. Перро
-- перелож. для фп. А. Зилоти (ред. А. Н. Дмитриева)
208 ## - ОБЛАСТЬ СПЕЦИФИЧЕСКИХ СВЕДЕНИЙ: НОТНЫЕ ИЗДАНИЯ
Форма изложения нотного текста Клавир
210 ## - ПУБЛИКАЦИЯ, РАСПРОСТРАНЕНИЕ И ДР.
Место издания, распространения и т.д. Санкт-Петербург
Имя издателя, распространителя и т. д. Композитор
Дата издания, распространения и т.д. 2005
215 ## - ФИЗИЧЕСКАЯ ХАРАКТЕРИСТИКА
Специфическое обозначение материала и объем 267 с.
Размеры 29 см
300 ## - ОБЩИЕ ПРИМЕЧАНИЯ
Текст примечания Предисл. рус., англ. / Д. Житомирский
300 ## - ОБЩИЕ ПРИМЕЧАНИЯ
Текст примечания Крат. содерж.: с. 4-6
604 ## - ИМЯ И ЗАГЛАВИЕ КАК ПРЕДМЕТ
Связываемые данные 700#1$aПерро$gШарль$bШ.$f1628-1703
-- 50010$aСпящая красавица$xМузыкальные интерпретации
Имя лица Перро, Шарль (1628-1703)
Заглавие Спящая красавица
Тематический подзаголовок Музыкальные интерпретации
606 1# - НАИМЕНОВАНИЕ ТЕМЫ КАК ПРЕДМЕТ
Наименование темы Балеты русские
Тематический подзаголовок Клавиры
Географический подзаголовок Россия
Хронологический подзаголовок 19 век
Код системы nlr_sh
686 ## - ИНДЕКСЫ ДРУГИХ КЛАССИФИКАЦИЙ
Индекс Щ972(28) Фп
Издание LBC/SL
Код системы
700 #1 - ИМЯ ЛИЦА - ПЕРВИЧНАЯ ОТВЕТСТВЕННОСТЬ
Системный номер авторитетной/нормативной записи z01790
Начальный элемент ввода Чайковский
Часть имени, кроме начального элемента ввода П. И.
Даты 1840-1893
Расширение инициалов личного имени Петр Ильич
Код отношения Композитор
Графика поля Кириллица
702 #1 - ИМЯ ЛИЦА - ВТОРИЧНАЯ ОТВЕТСТВЕННОСТЬ
Системный номер авторитетной/нормативной записи z03790
Начальный элемент ввода Перро
Часть имени, кроме начального элемента ввода Ш.
Даты 1628-1703
Расширение инициалов личного имени Шарль
Код отношения Автор
Графика поля Кириллица
702 #1 - ИМЯ ЛИЦА - ВТОРИЧНАЯ ОТВЕТСТВЕННОСТЬ
Системный номер авторитетной/нормативной записи z04790
Начальный элемент ввода Зилоти
Часть имени, кроме начального элемента ввода А.И.
Даты 1863-1945
Расширение инициалов личного имени Александр Ильич
Код отношения Дирижер, Руководитель оркестра
Графика поля Кириллица
702 #1 - ИМЯ ЛИЦА - ВТОРИЧНАЯ ОТВЕТСТВЕННОСТЬ
Код отношения Автор <книги> оперы, балета или другого музыкального произведения
Графика поля Кириллица
Материалы, к которым относится поле rus
Начальный элемент ввода Всеволожский
Часть имени, кроме начального элемента ввода И. А.
Даты 1835-1909
Расширение инициалов личного имени Иван Александрович
Системный номер авторитетной/нормативной записи 227826
Идентификатор авторитетной/нормативной записи RU\NLR\AUTH\770227882
790 #1 - ИМЯ ЛИЦА - АЛЬТЕРНАТИВНАЯ ФОРМА
Системный номер авторитетной/нормативной записи z01700
Начальный элемент ввода Tchaikovsky
Часть имени, кроме начального элемента ввода P.I.
Даты 1840-1893
Расширение инициалов личного имени Peter Ilich
Код отношения Композитор
790 #1 - ИМЯ ЛИЦА - АЛЬТЕРНАТИВНАЯ ФОРМА
Системный номер авторитетной/нормативной записи z03702
Начальный элемент ввода Perrault
Часть имени, кроме начального элемента ввода Ch.
Дополнения к именам, кроме дат liric
Даты 1628-1703
Расширение инициалов личного имени Charles
Код отношения Автор
Графика поля Латинская
790 #1 - ИМЯ ЛИЦА - АЛЬТЕРНАТИВНАЯ ФОРМА
Системный номер авторитетной/нормативной записи z04702
Начальный элемент ввода Ziloti
Часть имени, кроме начального элемента ввода A. I.
Даты 1863-1945
Расширение инициалов личного имени Alexandr Il`ich
Код отношения Дирижер, Руководитель оркестра
Графика поля Латинская
790 #1 - ИМЯ ЛИЦА - АЛЬТЕРНАТИВНАЯ ФОРМА
Системный номер авторитетной/нормативной записи z05702
Начальный элемент ввода Vsevoložskij
Часть имени, кроме начального элемента ввода I. A.
Даты 1835-1909
Расширение инициалов личного имени Ivan Aleksandrovič
Код отношения Автор <книги> оперы, балета или другого музыкального произведения
Графика поля Латинская
801 #0 - ИСТОЧНИК ЗАПИСИ
Страна российская федерация
Организация NLR
Дата составления 20140402
Правила каталогизации PSBO
801 #1 - ИСТОЧНИК ЗАПИСИ
Страна российская федерация
Организация NLR
Дата составления 20140402
Источник данных rusmarc
801 #2 - ИСТОЧНИК ЗАПИСИ
Страна российская федерация
Организация NLR
Дата составления 20151225
852 ## - МЕСТОНАХОЖДЕНИЕ И ШИФР ХРАНЕНИЯ
Идентификатор организации NLR
Наименование фонда или коллекции (Sub-Location Identifier) М
Шифр хранения (Call Number) 3/10709
Страна
Номер экземпляра 1
942 ## - ДОПОЛНИТЕЛЬНЫЕ ЭЛЕМЕНТЫ ЗАПИСИ (АБИС)
Тип экземпляра АБИС Ноты
980 ## - КОЛЛЕКЦИЯ
Название коллекции Национальная библиография
980 ## - КОЛЛЕКЦИЯ
Название коллекции Отдел нот и звукозаписей
Экземпляры
Тип экземпляра Дата поступления Библиотека постоянного хранения Библиотека текущего хранения Место хранения Шифр хранения Статус не для выдачи
Ноты 02.04.2014 РНБ (Московский) РНБ (Московский) Фонд нот и звукозаписей 3/10709 3/10709